The economics of European integration (Record no. 88121)
[ view plain ]
| 000 -LEADER | |
|---|---|
| fixed length control field | 00496nam a2200205Ia 4500 |
| 003 - CONTROL NUMBER IDENTIFIER | |
| control field | STCL |
| 008 - FIXED-LENGTH DATA ELEMENTS--GENERAL INFORMATION | |
| fixed length control field | 221019s9999 xx 000 0 und d |
| 020 ## - INTERNATIONAL STANDARD BOOK NUMBER | |
| International Standard Book Number | 9780077111199 |
| 040 ## - CATALOGING SOURCE | |
| Original cataloging agency | STCL |
| Transcribing agency | STCL |
| Language of cataloging | EN |
| 082 ## - DEWEY DECIMAL CLASSIFICATION NUMBER | |
| Edition number | 22 |
| 100 ## - MAIN ENTRY--PERSONAL NAME | |
| Personal name | Baldwin, Richard |
| 100 ## - MAIN ENTRY--PERSONAL NAME | |
| Personal name | Wyplosz, Charles |
| 245 #4 - TITLE STATEMENT | |
| Title | The economics of European integration |
| 250 ## - EDITION STATEMENT | |
| Edition statement | 2 |
| 260 ## - PUBLICATION, DISTRIBUTION, ETC. (IMPRINT) | |
| Name of publisher, distributor, etc. | McGraw Hill Education |
| Place of publication, distribution, etc. | New Delhi |
| Date of publication, distribution, etc. | 2006 |
| 300 ## - PHYSICAL DESCRIPTION | |
| Extent | 464 p |
| 365 ## - TRADE PRICE | |
| Price amount | 2766.85 |
| 546 ## - LANGUAGE NOTE | |
| Language note | English |
| 942 ## - ADDED ENTRY ELEMENTS (KOHA) | |
| Koha item type | Book |
| Source of classification or shelving scheme | |
| Edition | |
| Withdrawn status | Lost status | Source of classification or shelving scheme | Damaged status | Not for loan | Home library | Current library | Shelving location | Date acquired | Total Checkouts | Full call number | Barcode | Date last seen | Price effective from | Koha item type |
|---|---|---|---|---|---|---|---|---|---|---|---|---|---|---|
| Santhome Athenaeum | Santhome Athenaeum | General Stacks | 337.142 BAL-E | 96887 | 19/10/2022 | 19/10/2022 | Book |